000 00722nam a2200205Ia 4500
005 20241129105902.0
008 241129s9999||||xx |||||||||||||| ||und||
037 _aTB
040 _aARTS
_bpun
_cARTS
041 _apun
_2pun
084 _aS:6825 153R1
_qARTS
100 _aਜ਼ਖ਼ਮੀ, ਕਰਮ ਸਿੰਘ, ੳਗ।
245 0 _aਭਾਸ਼ਣ ਕਲਾ ਅਤੇ ਕਾਮਯਾਬੀ
_cਜ਼ਖ਼ਮੀ, ਕਰਮ ਸਿੰਘ, ੳਗ।
260 _aਬਰਨਾਲਾ, ਭਾਰਤ
_bਬਰਨਾਲਾ ਤਰਕੀ ਪ੍ਰਕਾਸ਼ਨ
_c2019
300 _a224ਪ੍ਰ0
365 _aINR
_b300
650 _aPsychology
942 _cTB
_hS:6825 153R1
999 _c1226432
_d1226432